Advanced agricultural instrumentation: Design and use (Record no. 39421)

MARC details
000 -LEADER
fixed length control field 00434nam a2200145Ia 4500
082 ## - DEWEY DECIMAL CLASSIFICATION NUMBER
Classification number 631.3
Item number GEN
245 #0 - TITLE STATEMENT
Title Advanced agricultural instrumentation: Design and use
260 ## - PUBLICATION, DISTRIBUTION, ETC. (IMPRINT)
Place of publication Dordrecht
Name of publisher Martinus Nijhoff
Year of publication 1986
490 ## - SERIES STATEMENT
Series statement Applied sciences; 111
650 ## - SUBJECT ADDED ENTRY--TOPICAL TERM
Topical Term Agricultural instrumentation
650 ## - SUBJECT ADDED ENTRY--TOPICAL TERM
Topical Term Photosynthesis instrument
700 ## - ADDED ENTRY--PERSONAL NAME
Personal name GENSLER, William G
942 ## - ADDED ENTRY ELEMENTS (KOHA)
Koha item type Books
Holdings
Withdrawn status Lost status Damaged status Not for loan Home library Current library Date acquired Full call number Accession Number Koha item type
        RRII Library RRII Library 16/12/2021 631.3 GEN 19756 Books